000 00829nam a2200205 i 4500
001 107444
003 ES-MaACL
005 20250827063219.0
007 t|
008 070117s1917 sp ||||1| spa d
100 1 _aGimeno, Amalio,
_d1850-1936
_957076
245 1 3 _aEl hallazgo y el descubrimiento arqueológicos en la historia del arte /
_cDiscurso de recepción del... Sr. D. Amalio Gimeno... y contestación del... Sr. D. Amós Salvador.
260 _aMadrid :
_b[s.n.,
_c1917] (
_fImpr. de Juan Pueyo)
300 _a64 p. ;
_c27 cm.
500 _aPrecede al tit.: Real Academia de Bellas Artes de San Fernando.
700 1 _aSalvador y Rodrigáñez, Amós,
_d1845-1922
_9102102
710 2 _aReal Academia de Bellas Artes de San Fernando.
_96291
852 _aES-MaACL
_jFol-Laf-185
999 _c107444
_d107444